All Eurovision Winners - Flag Hearts - Statistics

General Stats
  • This quiz has been taken 205 times
  • The average score is 66 of 67
Answer Stats
Picture Hint Answer % Correct
1958 France
100%
1960 France
100%
1962 France
100%
1969 France
100%
1977 France
100%
1982 Germany
100%
2010 Germany
100%
1964 Italy
100%
1990 Italy
100%
1968 Spain
100%
1969 Spain
100%
1974 Sweden
100%
1984 Sweden
100%
1991 Sweden
100%
1999 Sweden
100%
2012 Sweden
100%
2015 Sweden
100%
1967 United Kingdom
100%
1969 United Kingdom
100%
1976 United Kingdom
100%
1981 United Kingdom
100%
1997 United Kingdom
100%
1966 Austria
99%
2014 Austria
99%
1986 Belgium
99%
1963 Denmark
99%
2000 Denmark
99%
2013 Denmark
99%
2006 Finland
99%
2005 Greece
99%
1970 Ireland
99%
1980 Ireland
99%
1987 Ireland
99%
1992 Ireland
99%
1993 Ireland
99%
1994 Ireland
99%
1996 Ireland
99%
1978 Israel
99%
1979 Israel
99%
1998 Israel
99%
2018 Israel
99%
1985 Norway
99%
1995 Norway
99%
2009 Norway
99%
1956 Switzerland
99%
1988 Switzerland
99%
2004 Ukraine
99%
2016 Ukraine
99%
2001 Estonia
98%
1961 Luxembourg
98%
1965 Luxembourg
98%
1972 Luxembourg
98%
1973 Luxembourg
98%
1983 Luxembourg
98%
1957 Netherlands
98%
1959 Netherlands
98%
1969 Netherlands
98%
1975 Netherlands
98%
2019 Netherlands
98%
2017 Portugal
98%
2007 Serbia
98%
2003 Turkey
98%
2002 Latvia
97%
2008 Russia
97%
2011 Azerbaijan
96%
1971 Monaco
94%
1989 Yugoslavia
90%
No matching quizzes found
Score Distribution
Percent of People with Each Score
Percentile by Number Answered
Your Score History
You have not taken this quiz